000
00280nam a22001337a 4500
008
181221b xxu||||| |||| 00| 0 eng d
020
_a
90958
041
_a
eng
080
_a
316
100
_a
50
101
_a
SOC
245
_a
The Active Society
_c
Etzioni, A
942
_2
udc
_c
BK
999
_c
53648
_d
53648